000 00581nam a2200181Ia 4500
008 100920s9999 xx 000 0 und d
082 _b92523
_a150 न 03
100 _aपवार प्रदिप.
245 _aयशाचे रहस्य.
260 _bइंद्रायणी साहित्य प्रकाशन ,पुणे 30.
_c2003
300 _a158
_bसाधी
365 _b100
520 _aशाउ.
630 _aयशाचे रहस्य.
650 _aशाउ.
730 _aयशाचे रहस्य.
942 _cBOOK
999 _c732969
_d732966